000 00691nam a2200229 a 4500
001 000047133
003 DO-SdBNP
005 20230417095850.0
007 ta
008 180417s2016 xxug 000 0 spa d
020 _a9790580290342
040 _aDO-SdBNP
_bspa
_cBNPHU
082 4 _bS285L
_222
100 1 _aScarfullery, Rafael
_974923
245 1 0 _aLove suite :
_bfor solo guitar /
_cRafael Scarfullery.
260 _aEstados Unidos de América :
_bScarfullery Music,
_c2016.
300 _a30 p. :
_bil. ;
_c28 cm.
500 _aIncludes music & guitar tabs in separate sheets
500 _aIncluye datos biográficos del autor
590 _aInventariado, 2018/LP
942 _2ddc
_cLF2
999 _c46621
_d46621